000 00558nam a2200205Ia 4500
005 20250508164546.0
008 008 250505s9999 xx 000 0 eng d
037 _aTextual
040 _aFEDL
_beng
_cFEDL
041 _aeng
_2eng
084 _a371.102, MCN
_qFEDL
100 _aMcNiff Jean
245 0 _aTeaching as learning : An action research approach
260 _aLondon, UK
_bRoutledge
_c1993
300 _axiii,125p.
365 _aGBP
_b10.99
546 _aMACESE
942 _cTEXL
_h371.102, MCN
999 _c1389789
_d1389789